[Event "2nd Goa GM Open 2019"]
[Site "Goa"]
[Date "2019.06.18"]
[Round "1.30"]
[White "Aditya Mittal"]
[Black "Kamdar Udit"]
[Result "*"]
[WhiteElo "2461"]
[BlackElo "2087"]
[Annotator "ChessBase"]
[PlyCount "105"]
[EventDate "2019.06.17"]
[EventType "swiss"]
[EventCountry "IND"]
[SourceTitle "playchess.com"]
[Source "ChessBase"]
[SourceQuality "1"]
[TimeControl "5400+30"]

1. e4 {[%emt 0:00:00]} c5 {[%emt 0:04:29]} 2. Nf3 {[%emt 0:00:00]} Nc6 {[%emt 0:00:12]} 3. Be2 {[%emt 0:00:00]} g6 {[%emt 0:00:21]} 4. O-O {[%emt 0:00:00]} Bg7 {[%emt 0:00:05]} 5. Re1 {[%emt 0:01:03]} Nf6 {[%emt 0:06:12]} 6. Bf1 {[%emt 0:00:08]} d5 {[%emt 0:00:39]} 7. e5 {[%emt 0:03:19]} Ng4 {[%emt 0:03:31]} 8. Bb5 {[%emt 0:00:08]} Qc7 {[%emt 0:19:21]} 9. d4 {[%emt 0:08:52]} cxd4 {[%emt 0:02:02]} 10. Qxd4 {[%emt 0:01:33]} O-O {[%emt 0:06:40]} 11. Bxc6 {[%emt 0:02:35]} bxc6 {[%emt 0:00:48]} 12. Nc3 {[%emt 0:02:09]} h5 {[%emt 0:11:03]} 13. Bf4 {[%emt 0:01:08]} Nh6 {[%emt 0:23:53]} 14. Na4 {[%emt 0:03:17]} Bg4 {[%emt 0:01:03]} 15. Nd2 {[%emt 0:02:06]} Nf5 {[%emt 0:01:18]} 16. Qc3 {[%emt 0:00:37]} Bh6 {[%emt 0:00:24]} 17. Bxh6 {[%emt 0:02:48]} Nxh6 {[%emt 0:00:03]} 18. Nc5 {[%emt 0:00:23]} Be6 {[%emt 0:01:21]} 19. Nf3 {[%emt 0:00:33]} Nf5 {[%emt 0:00:36]} 20. Ng5 {[%emt 0:05:54]} Ng7 {[%emt 0:00:19]} 21. h3 {[%emt 0:04:20]} Qc8 {[%emt 0:00:17]} 22. f3 {[%emt 0:00:50]} Rb8 {[%emt 0:00:51]} 23. b4 {[%emt 0:00:31]} Bf5 {[%emt 0:01:16]} 24. Kh1 {[%emt 0:01:58]} Ne6 {[%emt 0:00:13]} 25. Ngxe6 {[%emt 0:01:01]} Bxe6 {[%emt 0:00:03]} 26. Qd4 {[%emt 0:02:56]} Kh7 {[%emt 0:02:22]} 27. Re3 {[%emt 0:00:17]} Bf5 {[%emt 0:00:56]} 28. g4 {[%emt 0:02:45]} hxg4 {[%emt 0:01:13]} 29. hxg4 {[%emt 0:00:10]} Be6 {[%emt 0:00:42]} 30. Kg2 {[%emt 0:00:31]} Rh8 {[%emt 0:00:12]} 31. Ree1 {[%emt 0:00:34]} Kg7 {[%emt 0:01:28]} 32. Rh1 {[%emt 0:00:15]} Qc7 {[%emt 0:00:41]} 33. Qf4 {[%emt 0:02:14]} Rbe8 {[%emt 0:04:33]} 34. Rab1 {[%emt 0:02:05]} Qc8 {[%emt 0:01:19]} 35. Rxh8 {[%emt 0:02:26]} Rxh8 {[%emt 0:00:02]} 36. Rb3 {[%emt 0:00:42]} Qg8 {[%emt 0:02:42]} 37. Qg3 {[%emt 0:07:50]} Qh7 {[%emt 0:00:19]} 38. Rb1 {[%emt 0:00:41]} g5 {[%emt 0:00:36]} 39. Nd3 {[%emt 0:01:46]} Bc8 {[%emt 0:01:02]} 40. Rc1 {[%emt 0:00:00]} Ba6 {[%emt 0:00:00]} 41. Nf2 {[%emt 0:00:00]} e6 {[%emt 0:00:00]} 42. Nh3 {[%emt 0:00:00]} Qh6 {[%emt 0:00:00]} 43. Rh1 {[%emt 0:00:00]} Bc4 {[%emt 0:00:00]} 44. a3 {[%emt 0:00:00]} Qg6 {[%emt 0:00:00]} 45. Qf2 {[%emt 0:00:00]} d4 {[%emt 0:00:00]} 46. Qd2 {[%emt 0:00:00]} Bd5 {[%emt 0:00:00]} 47. Nxg5 {[%emt 0:00:00]} Bxf3+ {[%emt 0:00:00]} 48. Kxf3 {[%emt 0:00:00]} Rxh1 {[%emt 0:00:00]} 49. Kf4 {[%emt 0:00:00]} Qh6 {[%emt 0:01:12]} 50. Ke4 {[%emt 0:00:00]} Qh2 51. Nxe6+ fxe6 {[%emt 0:05:44]} 52. Qg5+ {[%emt 0:00:00]} Kh7 {[%emt 0:00:47]} 53. Qe7+ {[%emt 0:00:00]} *

[Event "2nd Goa GM Open 2019"]
[Site "Goa"]
[Date "2019.06.19"]
[Round "2.1"]
[White "Iturrizaga Bonelli, Eduardo"]
[Black "Anuj Shrivatri"]
[Result "1/2-1/2"]
[WhiteElo "2637"]
[BlackElo "2336"]
[Annotator "TA"]
[PlyCount "72"]
[EventDate "2019.06.17"]
[EventType "swiss"]
[EventCountry "IND"]
[SourceTitle "playchess.com"]
[Source "ChessBase"]
[SourceQuality "1"]

{[%evp 16,72,5,13,6,9,25,13,32,31,51,52,36,9,13,0,21,19,45,-284,-277,-283,-119,-119,-119,-119,-111,-113,-108,-116,-119,-120,-120,-120,-113,-111,-97,-97,-96,-89,-96,-98,-97,-98,-97,-97,-82,-97,-97,-97,-97,-97,-97,-97,-97,-99,-99,-99,0]} 1. c4 e6 2. Nc3 Nf6 3. e4 d5 4. e5 d4 5. exf6 dxc3 6. bxc3 Qxf6 7. Nf3 b6 8. d4 Bb7 9. Bd3 {White wants to play Bg5.} h6 {A18: English Opening: Flohr-Mikenas System (1 c4 Nf6 2 Nc3 e6 3 e4)} 10. O-O Bd6 11. Re1 (11. Nd2 O-O 12. Re1 Qh4 13. h3 c5 14. Ne4 Bc7 15. Rb1 Nd7 16. Nxc5 Nxc5 17. dxc5 {½-½ (26) Radjabov,T (2751)-Wojtaszek,R (2727) Batumi 2018}) 11... Nd7 {The position is equal.} 12. Nd2 O-O 13. Ne4 Bxe4 14. Rxe4 $146 (14. Bxe4 {seems wilder.} Rad8 15. Bc2 Qe7 16. Qg4 f5 17. Qg6) ({Predecessor:} 14. Bxe4 Rad8 15. Rb1 c5 16. g3 Rc8 17. Qa4 {0-1 (48) Van Tienhoven,R (2390)-Schmidt,G (2435) ICCF email 2009}) 14... e5 15. Be3 exd4 16. cxd4 Rad8 17. Qh5 $2 {[%mdl 8192] [#]} (17. Rb1 $14 {stays ahead.}) 17... Nc5 $1 $19 {[%mdl 576] Double Attack, Pin} 18. Bg5 (18. dxc5 Qxa1+) 18... Qxg5 (18... hxg5 $19 19. Rh4 Qh6 20. Bh7+ Kh8) 19. Qxg5 $17 {Black is better.} hxg5 20. dxc5 Bxc5 21. Rd1 Rd6 {[#] aiming for ...Rfd8.} 22. Bc2 Rxd1+ 23. Bxd1 {[%mdl 4096] Endgame KRB-KRB} Rd8 24. Bc2 Kf8 {And now ...Rd2 would win.} 25. Kf1 Rd2 26. Re2 Rxe2 (26... Rd4 {looks sharper.} 27. Re4 Rxe4 28. Bxe4 Ke7 29. Bc6 f6) 27. Kxe2 {KB-KB} Ke7 28. Be4 Kd6 29. f3 Ke5 30. Kd3 f6 31. Bc6 Bg1 32. h3 Kf4 33. Ke2 Kg3 34. Kf1 Bc5 35. Bd5 Bd4 36. Bc6 Bc5 {Accuracy: White = 53%, Black = 37%.} ({Black should try} 36... Be3 $17) 1/2-1/2

[Event "2nd Goa GM Open 2019"]
[Site "Goa"]
[Date "2019.06.19"]
[Round "2.2"]
[White "Pranav Vijay"]
[Black "Pantsulaia, Levan"]
[Result "0-1"]
[WhiteElo "2265"]
[BlackElo "2614"]
[Annotator "TA"]
[PlyCount "134"]
[EventDate "2019.06.17"]
[EventType "swiss"]
[EventCountry "IND"]
[SourceTitle "playchess.com"]
[Source "ChessBase"]
[SourceQuality "1"]

{[%evp 12,133,39,35,48,39,47,36,46,4,10,0,0,0,15,0,22,17,49,44,39,17,17,17,20,16,25,33,23,25,58,53,47,49,66,38,83,75,74,47,43,3,184,180,195,199,189,170,195,212,208,192,201,200,200,189,198,146,158,134,125,83,72,62,118,109,145,12,15,-79,-26,-19,0,0,0,0,0,0,0,0,0,0,0,-63,-63,-87,-53,-120,-127,-93,-123,-108,-115,-109,0,-49,-11,-148,-148,-481,-446,-1615,-1514,-5085,-12832,-29962,-29961,-5549,-4952,-29977,-29978,-29978,-29978,-29978,-29979,-29978,-29980,-29979,-29980,-29993,-29992,-29995,-29996,-29999]} 1. e4 c6 2. d4 d5 3. e5 Bf5 4. Nf3 e6 5. Be2 Nd7 6. O-O Bg6 7. c3 a5 {B12: Caro-Kann: Advance Variation} (7... Nh6 8. a4 a5 9. Na3 Be7 10. Nc2 O-O 11. Nce1 c5 12. Bxh6 gxh6 13. Bb5 cxd4 14. cxd4 Nb8 15. Qd2 {0-1 (52) Yu,Y (2764)-Artemiev,V (2709) Caleta 2019}) 8. a4 Be7 9. Re1 $146 ({Predecessor:} 9. Ne1 h5 10. Na3 h4 11. Nac2 Nh6 12. Ne3 Nf5 13. Bd3 Nxe3 14. Bxe3 Bxd3 15. Nxd3 {0-1 (27) Cordes,S (1979)-Garcia Palermo,C (2450) Novi Sad 2017}) 9... Nh6 {White is slightly better.} 10. Nbd2 O-O 11. Nf1 Nf5 12. Bd3 Qb6 13. g3 c5 {[%cal Rc5d4]} 14. Bb5 Nb8 15. g4 Nh6 16. h3 Nc6 17. Be3 c4 18. b3 cxb3 19. Qxb3 Na7 20. c4 dxc4 21. Bxc4 Qxb3 22. Bxb3 Nc6 23. N1d2 Nb4 24. Rec1 Rfc8 25. Ne1 Kf8 26. f4 Ng8 $2 {[#]} (26... Rc6 $11) 27. d5 $1 $36 {[%mdl 2560] White is on the roll.} h5 (27... Nxd5 28. Bxd5) 28. d6 Bd8 29. Kg2 hxg4 30. hxg4 Nh6 31. Kf3 Rc6 32. Rxc6 bxc6 33. Ng2 Rb8 34. Rc1 (34. Rh1 $18) 34... Ke8 $16 35. Bd4 Kd7 36. Ne1 f6 37. Kg3 fxe5 (37... Nd5 $14) 38. Bxe5 Bf6 39. Ndf3 ({White should try} 39. Rc5 $16 Ra8 40. Nc4) 39... Nf7 $1 $11 40. Rd1 (40. Rc5 $11) 40... Nd5 ({Better is} 40... Be4 $1 $17 41. Bc4 Nd5) 41. Bxd5 exd5 42. Bxf6 $1 gxf6 43. f5 Bh7 44. Nd3 Rg8 {And now ...Bxf5 would win.} (44... Kxd6 $6 45. Re1 $16) 45. Kf4 $1 {Re1 is the strong threat.} Re8 $1 {[%cal Re8e4]} ({Don't go for} 45... Nxd6 $2 46. Nc5+ Ke7 47. Re1+ Kf7 48. Rh1 $18) 46. Nc5+ Kxd6 47. Rc1 (47. Nb7+ $11 Kc7 48. Nc5) 47... Rb8 $1 $15 48. Nd3 {[#]} Ne5 $1 {[%cal Re5d3][%mdl 576] Deflection} 49. Nfxe5 (49. Ndxe5 $15 fxe5+ 50. Nxe5 Rb4+ {[%mdl 64] Double Attack} 51. Kg5 Kxe5 52. Rxc6) 49... fxe5+ $17 50. Nxe5 $15 {[%mdl 4096] Endgame KRB-KRN} Rb4+ {[%mdl 64] Double Attack} 51. Kg5 {Hoping for Kf6.} Kxe5 52. Rxc6 $17 {[#] KRB-KR} Rb7 ({Of course not} 52... Rxa4 $6 53. Re6+ Kd4 54. f6 $11) (52... Rb8 $1 $17 {[%cal Rb8g8] aiming for ...Rg8+.} 53. Re6+ Kd4) 53. Re6+ $11 Kd4 54. f6 (54. Kf6 $11 {remains equal.}) 54... Bc2 $17 55. Re2 $2 {[%mdl 8192]} (55. Re7 $17 {was the crucial defense.} Rxe7 56. fxe7 Bxa4 57. Kh6) 55... Kc3 $19 56. Kf4 (56. Re3+ $142 Kb2 57. Rf3) 56... d4 57. g5 Bg6 58. Re5 Rd7 59. Rc5+ {[#]} Kb4 $1 60. Rc1 d3 {Black mates.} 61. Ke5 d2 62. Rd1 Kc3 63. Ke6 Rb7 64. Rh1 Kc2 65. Rh6 Bf7+ 66. Kd6 d1=Q+ 67. Kc6 Qd5# {Accuracy: White = 40%, Black = 57%.} 0-1

[Event "2nd Goa GM Open 2019"]
[Site "Goa"]
[Date "2019.06.19"]
[Round "2.3"]
[White "Ter-Sahakyan, Samvel"]
[Black "Ajay Krishna, S."]
[Result "1-0"]
[WhiteElo "2611"]
[BlackElo "2335"]
[Annotator "TA"]
[PlyCount "37"]
[EventDate "2019.06.17"]
[EventType "swiss"]
[EventCountry "IND"]
[SourceTitle "playchess.com"]
[Source "ChessBase"]
[SourceQuality "1"]

{[%evp 21,91,30,22,13,88,93,100,76,81,70,93,73,116,112,212,196,235,120,120,118,131,125,131,116,126,112,132,137,139,129,105,72,96,120,225,224,272,264,255,251,251,247,293,286,311,303,280,307,300,286,405,382,504,475,636,627,586,570,739,737,29970,29971,29971,29972,29977,29976,29976,29977,29979,29981,29988,29987]} 1. e4 c5 2. Nf3 d6 3. d4 cxd4 4. Nxd4 Nf6 5. Nc3 a6 6. Be3 e5 7. Nb3 Be7 8. f3 Be6 9. Qd2 Nbd7 10. g4 b5 11. g5 Nh5 12. O-O-O {B90: Sicilian Najdorf: Unusual White 6th moves, 6 Be3 Ng4 and 6 Be3 e5} b4 (12... Rc8 $11) 13. Nd5 $16 Bxd5 14. exd5 {White is better.} O-O {[#]} 15. Kb1 $1 a5 16. Bb5 f5 {[#]} 17. h4 $146 ({Predecessor:} 17. gxf6 Nhxf6 18. Bc6 Rc8 19. Qe2 Qc7 20. Rhg1 Nb8 21. Bb5 {1-0 (36) Bauer,C (2612)-Renet,O (2494) Clichy 2001}) 17... Nb8 {[#]} (17... Qc7 $16 {was worth a try.}) 18. Nc5 $1 $18 Qb6 19. Ba4 {Played: Bb5-c6} 1-0

[Event "2nd Goa GM Open 2019"]
[Site "Goa"]
[Date "2019.06.19"]
[Round "2.4"]
[White "Pranesh M"]
[Black "Mchedlishvili, Mikheil"]
[Result "1/2-1/2"]
[WhiteElo "2328"]
[BlackElo "2609"]
[Annotator "TA"]
[PlyCount "128"]
[EventDate "2019.06.17"]
[EventType "swiss"]
[EventCountry "IND"]
[SourceTitle "playchess.com"]
[Source "ChessBase"]
[SourceQuality "1"]

{[%evp 14,128,22,16,27,13,15,0,10,0,0,-14,0,-8,-8,-23,-20,-10,-14,0,15,0,47,35,47,0,2,13,16,0,57,55,67,76,58,59,77,66,92,84,79,67,95,91,91,91,93,96,96,87,105,95,122,116,116,116,112,112,118,112,162,125,177,135,160,97,181,112,110,30,204,82,629,346,332,337,338,336,391,262,239,255,256,265,271,261,281,262,220,134,156,119,179,179,179,179,178,178,178,166,148,109,109,75,82,82,86,91,191,0,3,3,3,3,3,0,0]} 1. e4 c5 2. Nf3 d6 3. d4 cxd4 4. Nxd4 Nf6 5. Nc3 a6 6. h3 e6 7. g4 Be7 8. Bg2 O-O {B81: Sicilian Scheveningen: Keres Attack} (8... Nfd7 9. g5 b5 10. e5 d5 11. f4 b4 12. Nce2 a5 13. Be3 Ba6 14. h4 Bc5 15. h5 Qb6 16. g6 hxg6 17. hxg6 Rxh1+ 18. Bxh1 fxg6 {½-½ (44) Karjakin,S (2782)-Grischuk,A (2766) Leuven 2018}) 9. O-O Nfd7 10. a4 Nc6 11. Be3 Nde5 12. Qe2 Bd7 13. Rad1 $146 ({Predecessor:} 13. f4 Nxd4 14. Bxd4 Ng6 15. Be3 Rc8 16. Rad1 {1-0 (50) Bogdanovich,S (2513)-Padmini,R (2383) Moscow 2012}) 13... Ng6 14. Nb3 Na5 15. f4 Nxb3 16. cxb3 Bc6 17. b4 b5 18. axb5 axb5 19. Nxb5 Bxb5 20. Qxb5 Rb8 21. Qa4 e5 (21... Nh4 $11) 22. fxe5 $1 $14 Nxe5 23. b5 $36 {[%mdl 2048] Keeping Black busy.} Rb7 24. Rd5 Qb8 25. Rfd1 Rc8 26. Bf2 h6 27. Qb3 Bf6 28. Bf1 Bd8 29. Rxd6 Bc7 30. R6d5 Bb6 31. R1d2 Kh7 32. Qg3 f6 33. Qf4 Bxf2+ 34. Qxf2 Re8 35. Rd6 Rbe7 36. b6 Qa8 37. R2d4 Qa1 (37... Qa2 $16 38. Kg2 Rf8 39. Qf5+ Kh8) 38. Kh2 Rb8 39. Bg2 (39. Bc4 $142) 39... Qc1 (39... Ree8 $16 40. Bf1 Qa5) 40. Rd1 (40. R4d5 $1 $18) 40... Qc4 $16 41. Qf5+ (41. Rd8 $16 Re8 42. Bf1) 41... Ng6 $2 (41... Kg8 $11) 42. R1d5 (42. h4 $18 {and White stays clearly on top.} Re5 43. Qf2) 42... Qc1 $2 {[%mdl 8192]} (42... Qb4 $16) 43. h4 Qf4+ 44. Qxf4 $1 Nxf4 45. Rd4 Ng6 46. Kg3 Ne5 47. Bf1 Reb7 48. Rb4 Nd7 49. Bd3 Kg8 50. Ba6 Rxb6 51. Rbxb6 Nxb6 $18 {[%mdl 4096] Endgame KRB-KRN} 52. b4 Kf8 {[#]} (52... Kf7 $16 {is a better defense.} 53. Rc6 Nd7) 53. Rc6 $1 Nd7 54. Rc8+ Rxc8 55. Bxc8 {KB-KN} Nb6 56. Be6 Ke7 57. Bb3 Nd7 58. Kf4 Ne5 59. b5 Ng6+ {[#]} 60. Kg3 $1 Kd6 (60... Ne5 $16) 61. Bd5 $2 ({Better is} 61. h5 $18 Ne5 62. Bd1) 61... Kc5 {The position is equal.} 62. Bc6 Ne7 63. Bd7 g5 $1 64. hxg5 hxg5 {Accuracy: White = 47%, Black = 47%.} 1/2-1/2

[Event "2nd Goa GM Open 2019"]
[Site "Goa"]
[Date "2019.06.19"]
[Round "2.5"]
[White "Gupta, Abhijeet"]
[Black "Dang, Hoang Son"]
[Result "1-0"]
[WhiteElo "2606"]
[BlackElo "2320"]
[Annotator "TA"]
[PlyCount "53"]
[EventDate "2019.06.17"]
[EventType "swiss"]
[EventCountry "IND"]
[SourceTitle "playchess.com"]
[Source "ChessBase"]
[SourceQuality "1"]

{[%evp 13,53,43,36,33,33,0,38,0,11,20,31,24,49,16,92,100,80,122,90,39,264,304,862,861,954,916,6303,5602,29983,29984,29984,29983,29981,29982,29982,3406,2562,2389,29955,29956,5226,5226]} 1. d4 Nf6 2. c4 g6 3. Nc3 Bg7 4. e4 d6 5. f3 O-O 6. Nge2 a6 7. Be3 c6 8. Qd2 {E81: King's Indian: Sämisch: 6th move deviations (including 6 Be3 c6)} Nbd7 9. Bh6 (9. c5 b5 10. cxb6 Nxb6 11. Nf4 a5 12. Be2 Nfd7 13. O-O Ba6 14. Bxa6 Rxa6 15. Qe2 Qa8 16. Rac1 {1-0 (46) Wojtaszek,R (2750)-Van Wely,L (2695) Wijk aan Zee 2017}) 9... e5 10. h4 {White is slightly better.} Bxh6 $146 ({Predecessor:} 10... b5 11. Bxg7 Kxg7 12. Ng3 Nb6 13. O-O-O Qe7 14. h5 Nxc4 15. Bxc4 bxc4 16. dxe5 dxe5 {½-½ (25) Wohlers Armas,F (2016)-Kubikova,A (2128) Germany 2016}) 11. Qxh6 Qe7 12. h5 b5 13. O-O-O bxc4 (13... Bb7 $11 {keeps the balance.}) 14. g4 $1 $16 exd4 15. Nxd4 Ne5 {[#]} 16. Be2 (16. Nxc6 $1 $16 {[%mdl 512]} Nxc6 17. g5) 16... Rb8 $2 {[#]} (16... Kh8 $14) 17. g5 $1 $18 {[%cal Rg5f6]} Ne8 $2 ({Not} 17... Nxh5 18. Rd2 $11) (17... Qb7 18. Rd2 Nxh5) 18. f4 Qb7 {[#]} 19. Rd2 $1 c5 20. fxe5 cxd4 21. hxg6 fxg6 22. Bxc4+ Rf7 23. Qxh7+ {[%mdl 64] Double Attack, Pin} Kf8 24. Bxf7 (24. Qh8+ $142 Ke7 25. Bxf7 Be6 26. Bxg6 Bf7 27. Bxf7 Qc6 {[%mdl 64] Pin} 28. Rh7 Kd8 29. Bxe8) 24... Qxf7 25. Qh8+ Qg8 26. Rf2+ Bf5 27. exf5 {Accuracy: White = 67%, Black = 23%.} 1-0

[Event "2nd Goa GM Open 2019"]
[Site "Goa"]
[Date "2019.06.19"]
[Round "2.6"]
[White "Abhishek, Kelkar"]
[Black "Idani, Pouya"]
[Result "1/2-1/2"]
[WhiteElo "2323"]
[BlackElo "2597"]
[Annotator "RC"]
[PlyCount "63"]
[EventDate "2019.06.17"]
[EventType "swiss"]
[EventCountry "IND"]
[SourceTitle "playchess.com"]
[Source "ChessBase"]
[SourceQuality "1"]
[TimeControl "5400+30"]

1. d4 {[%emt 0:03:19]} g6 {[%emt 0:00:00]} 2. e4 {[%emt 0:01:46]} Bg7 {[%emt 0:00:00]} 3. Nf3 {[%emt 0:00:14]} d6 {[%emt 0:00:14]} 4. Bd3 {[%emt 0:01:42]} Nf6 {[%emt 0:00:28]} 5. O-O {[%emt 0:00:14]} O-O {[%emt 0:00:04]} 6. c3 {[%emt 0:00:06]} Nc6 {[%emt 0:01:04]} 7. d5 {[%emt 0:03:54]} Nb8 {[%emt 0:01:14]} 8. c4 {[%emt 0:00:11]} e5 {[%emt 0:03:06]} 9. Nc3 {[%emt 0:10:08]} c5 {[%emt 0:01:12]} 10. a3 {[%emt 0:01:18]} Na6 {[%emt 0:01:08]} 11. Rb1 {[%emt 0:00:18]} Ne8 {[%emt 0:00:46]} 12. Bc2 {[%emt 0:08:52]} f5 {[%emt 0:04:58]} 13. Ba4 {[%emt 0:02:01]} f4 {[%emt 0:00:33]} 14. Bxe8 {[%emt 0:00:34]} Rxe8 {[%emt 0:03:33]} 15. Ne1 {[%emt 0:00:50]} g5 {[%emt 0:00:36]} 16. f3 {[%emt 0:00:12]} Rf8 {[%emt 0:08:11]} 17. g4 {[%emt 0:09:31]} h5 {[%emt 0:01:58]} 18. h3 {[%emt 0:00:10]} Bd7 {[%emt 0:04:13]} 19. Kg2 {[%emt 0:01:49]} Kf7 {[%emt 0:04:18]} 20. Bd2 {[%emt 0:01:45]} Rh8 {[%emt 0:00:25]} 21. Nd3 {[%emt 0:00:31]} hxg4 {[%emt 0:07:29]} 22. hxg4 {[%emt 0:00:16]} Qf6 {[%emt 0:00:24]} 23. Qe2 {[%emt 0:02:13]} Rh4 {[%emt 0:03:48]} 24. Rh1 {[%emt 0:03:35]} Rah8 {[%emt 0:00:11]} 25. Rxh4 {[%emt 0:00:36]} gxh4 {[%emt 0:00:04]} 26. Kh3 {[%emt 0:00:22]} Bh6 {[%emt 0:06:21]} 27. Nf2 {[%emt 0:00:55]} Rc8 {[%emt 0:07:20]} 28. Nb5 {[%emt 0:08:02]} Nc7 {[%emt 0:01:45]} 29. Nxc7 {[%emt 0:04:59]} Rxc7 {[%emt 0:01:43]} 30. Bc3 {[%emt 0:00:09]} Rc8 {[%emt 0:01:30]} 31. b3 {[%emt 0:00:19]} a6 {[%emt 0:00:53]} 32. a4 {[%emt 0:00:12]} 1/2-1/2